000 00565nam a2200217Ia 4500
003 OSt
005 20220928145106.0
006 a|||||r|||| 00| 0
007 ta
008 220927b |||||||| |||| 00| 0 eng d
024 _a78686
037 _cTextual
040 _aSDCL
_cSDCL
_beng
041 _2eng
_aeng
082 _aY8.2'N9, N8
100 _aDharmarajan Shivani
_9511592
245 0 _aN G O development initiative and public policy.
260 _c1998
942 _hY8.2'N9, N8
_cTEXL
_2CC
999 _c831887
_d831887